000 01301cam a2200313 i 4500
001 768714001
003 CO-MdFUSB
005 20241204093244.0
007 ta
008 241204t1976 -sp||||| |||| 00| 0 spa d
020 _a0-333-19769-0
040 _cCO-MdFUSB
041 _aeng
082 0 4 _223
_a236.2
_bB12c
100 1 _aBadham, Paul
_eautor
245 1 0 _aChristian beliefs about life after death
_c/ Paul Badham
264 1 _aLondon :
_bMacmillan Publishing,
_c[1976]
264 4 _c©1976
300 _a174 páginas
336 _atexto
_btxt
_2rdacontent
337 _2rdamedia
_asin mediación
_bn
338 _2rdacarrier
_avolumen
_bnc
500 _aIncluye índices (p. 167-174)
505 _aEl aporte del Antiguo Testamento al desarrollo de la esperanza cristiana - El significado de la resurrección de Jesús - La creencia tradicional en la resurrección del cuerpo - La teoría de John Hick sobre la creación divina de una réplica exacta - La resurrección del cuerpo en el pensamiento moderno - Una defensa del concepto del alma - Una crítica de la teoría de la identidad mente-cerebro - Por qué el materialismo es un teoría que refuta a sí mismo - La inmortalidad del alma
563 _aPasta dura
653 _aEscatología
942 _cBK
945 _aMiguel
999 _c45939
_d45939